<?xml version="1.0" encoding="UTF-8"?><?xml-stylesheet type="text/xsl" href="static/style.xsl"?><OAI-PMH xmlns="http://www.openarchives.org/OAI/2.0/" xmlns:xsi="http://www.w3.org/2001/XMLSchema-instance" xsi:schemaLocation="http://www.openarchives.org/OAI/2.0/ http://www.openarchives.org/OAI/2.0/OAI-PMH.xsd"><responseDate>2026-04-28T19:51:48Z</responseDate><request verb="GetRecord" identifier="oai:uvadoc.uva.es:10324/739" metadataPrefix="marc">https://uvadoc.uva.es/oai/request</request><GetRecord><record><header><identifier>oai:uvadoc.uva.es:10324/739</identifier><datestamp>2021-11-03T13:00:36Z</datestamp><setSpec>com_10324_150</setSpec><setSpec>col_10324_696</setSpec></header><metadata><record xmlns="http://www.loc.gov/MARC21/slim" xmlns:doc="http://www.lyncode.com/xoai" xmlns:xsi="http://www.w3.org/2001/XMLSchema-instance" xmlns:dcterms="http://purl.org/dc/terms/" xsi:schemaLocation="http://www.loc.gov/MARC21/slim http://www.loc.gov/standards/marcxml/schema/MARC21slim.xsd">
<leader>00925njm 22002777a 4500</leader>
<datafield tag="042" ind1=" " ind2=" ">
<subfield code="a">dc</subfield>
</datafield>
<datafield tag="720" ind1=" " ind2=" ">
<subfield code="a">Venegas, Miguel (1680-1764)</subfield>
<subfield code="e">author</subfield>
</datafield>
<datafield tag="260" ind1=" " ind2=" ">
<subfield code="c">1757</subfield>
</datafield>
<datafield tag="024" ind2=" " ind1="8">
<subfield code="a">http://uvadoc.uva.es/handle/10324/739</subfield>
</datafield>
<datafield tag="024" ind2=" " ind1="8">
<subfield code="a">b1332207</subfield>
</datafield>
<datafield ind1=" " ind2=" " tag="653">
<subfield code="a">California - Historia</subfield>
</datafield>
<datafield tag="245" ind1="0" ind2="0">
<subfield code="a">Noticia de la California y de su conquista temporal y espiritual hasta el tiempo presente : sacada de la historia manuscrita, formada en Mexico año de 1739 / por el Padre Miguel Venegas, de la Compañía de Jesús, y de otras noticias y relaciones antiguas y modernas ; añadida de algunos mapas particulares y uno general de América Septentrional, Asia Oriental ... ; tomo primero.</subfield>
</datafield>
</record></metadata></record></GetRecord></OAI-PMH>